000 00756nam a2200217Ii 4500
003 JO-AjNU
008 230605s9999||||xx |||||||||||||| ||und||
017 _a1994/3231
020 _a977-03-0180-9
040 _aJO-AjNU
_bara
_erda
_cJO-AjNU
041 _aara
050 1 4 _aGV837.7 1994
100 3 _aالبيك، علي ، م.مشارك عصام حلمي، عادل النموري,
_eauthor
_921036
245 0 0 _aاتجاهات حديثة في تعليم السباحة: الزحف - الظهر
264 3 1 _aالاسكندرية: منشآة المعارف، 1994
300 _a162ص
336 _atext
_btxt
_2rdacontent
337 _aunmediated
_bn
_2rdamedia
338 _avolume
_bnc
_2rdacarrier
650 4 _aالسباحة - تعليم
_921037
999 _aA7241
_c10809
_d10809